000 00438nam a22001697a 4500
003 OSt
005 20211110112538.0
008 211110b |||||||| |||| 00| 0 eng d
020 _a0-471-02695-6
040 _cHawassa University
050 _a641.1/WIL
_b9
082 _24
_a641.1/WIL
_b9
100 _aWilson,Eva D.
_917663
245 _aPrinciples of Nutrition
260 _aNew York
_bJohn Wiley and Sons
_c1959
942 _2ddc
_cBOOKS
_n0
999 _c17470
_d17470